| 000 | 00821nam a2200205Ia 4500 | ||
|---|---|---|---|
| 001 | 3286 | ||
| 003 | GE_BSU | ||
| 008 | 181216s||||||||xx |||||||||||||| ||und|| | ||
| 040 | _cGE_BSU | ||
| 080 | _a69.057.16+658(075.32) | ||
| 100 | _aБаранов,Л.А. Стерлин,С.Л. Эйдельнант,Л.Б. | ||
| 245 | _aТехника безопасности при монтаже технологического оборудования и трубопроводов. | ||
| 250 | _aИзд 2-ое, переработанное. | ||
| 260 | _aМ. | ||
| 260 | _bСтройиздат. | ||
| 260 | _c1972. | ||
| 300 | _a288стр.20см. | ||
| 653 | _aТехника безопасности при монтаже технологического оборудования и трубопроводов. | ||
| 942 | _cBK | ||
| 999 |
_c37327 _d37327 |
||